000 00544nam a2200181Ia 4500
005 20250508160429.0
008 008 250505s9999 xx 000 0 eng d
037 _aBooks to be hide in OPAC
040 _aFEDL
_beng
_cFEDL
041 _aeng
_2eng
084 _a150.194 3, CAT/O
_qFEDL
100 _aCatania A. Charles Ed.
245 0 _aContemporary research in operant behavior
260 _aGlenview
_bScott, Foresman and Company
_c1968
300 _a358p
942 _cHB
_h150.194 3, CAT/O
999 _c1364557
_d1364557